[Event "Berlin-ch Seniors op 36th"]
[Site "Berlin"]
[Date "2020.01.31"]
[Round "4.18"]
[White "Steiger, Michael"]
[Black "Metzger, Eberhard"]
[Result "1/2-1/2"]
[WhiteElo "2005"]
[BlackElo "1800"]
[PlyCount "49"]
[EventDate "2020.01.28"]
[EventType "swiss"]
[EventRounds "9"]
[EventCountry "GER"]
[SourceTitle "EXT 2024"]
[Source "ChessBase"]
[SourceDate "2023.10.10"]
[SourceVersion "1"]
[SourceVersionDate "2023.10.10"]
[SourceQuality "1"]

1. Nf3 g6 2. d4 d6 3. g3 Bg7 4. Bg2 Nd7 5. 0-0 e6 6. c4 Ne7 7. e4 0-0 8. Nc3 a6 9. Be3 h6 10. Qc2 Rb8 11. d5 e5 12. Ne1 Qe8 13. f3 f5 14. Nd3 Nf6 15. Kh1 g5 16. Ba7 Ra8 17. Bg1 Qh5 18. c5 fxe4 19. fxe4 Bh3 20. Rac1 Bxg2+ 21. Qxg2 Nd7 22. g4 Qg6 23. Ne2 Rxf1 24. Rxf1 Nxd5 25. Nxe5 1/2-1/2

[Event "GER-chB Seniors 29th"]
[Site "Berlin"]
[Date "2017.08.11"]
[Round "5"]
[White "Cordes, Lothar"]
[Black "Metzger, Eberhard"]
[Result "1-0"]
[WhiteElo "1871"]
[BlackElo "1779"]
[PlyCount "73"]
[EventDate "2017.08.07"]
[EventType "swiss"]
[EventRounds "9"]
[EventCountry "GER"]
[SourceTitle "EXT 2019"]
[Source "ChessBase"]
[SourceDate "2018.10.10"]
[SourceVersion "1"]
[SourceVersionDate "2018.10.10"]
[SourceQuality "1"]

1. d4 d6 2. Bg5 h6 3. Bh4 g5 4. Bg3 Bg7 5. c3 Nd7 6. e4 e6 7. Bc4 Ne7 8. Nd2 b6 9. Qe2 Bb7 10. 0-0-0 a6 11. h4 b5 12. Bb3 a5 13. hxg5 hxg5 14. Rxh8+ Bxh8 15. Bxe6 Ng6 16. Qh5 c6 17. Bxd7+ Qxd7 18. Qxg5 Qe6 19. b3 Bf6 20. Qf5 Qe7 21. Nc4 Rd8 22. Nf3 d5 23. exd5 Bc8 24. Qd3 cxd5 25. Re1 Be6 26. Nce5 Qa3+ 27. Kb1 Ne7 28. Qxb5+ Kf8 29. Qc5 Bf5+ 30. Ka1 Qxc5 31. dxc5 Rc8 32. Kb2 Rxc5 33. Bh4 Bxh4 34. Nxh4 Be6 35. Nhf3 Nc6 36. Nxc6 Rxc6 37. Nd4 1-0

[Event "GER-chB Seniors 29th"]
[Site "Berlin"]
[Date "2017.08.10"]
[Round "3"]
[White "Roth, Heinz Georg"]
[Black "Metzger, Eberhard"]
[Result "1/2-1/2"]
[WhiteElo "1861"]
[BlackElo "1779"]
[PlyCount "66"]
[EventDate "2017.08.07"]
[EventType "swiss"]
[EventRounds "9"]
[EventCountry "GER"]
[SourceTitle "EXT 2019"]
[Source "ChessBase"]
[SourceDate "2018.10.10"]
[SourceVersion "1"]
[SourceVersionDate "2018.10.10"]
[SourceQuality "1"]

1. e4 d6 2. d4 g6 3. c3 Bg7 4. Nf3 Nd7 5. Bd3 e6 6. 0-0 Ne7 7. Nbd2 0-0 8. Nc4 b6 9. Ne3 Bb7 10. Re1 c5 11. Ng4 h5 12. Ne3 Nc6 13. Nc2 cxd4 14. cxd4 e5 15. Bg5 f6 16. Be3 Kh7 17. h3 Qe8 18. g4 hxg4 19. hxg4 g5 20. Kg2 Bh6 21. Rh1 Kg7 22. Qd2 Rh8 23. Rh5 Qg6 24. Rah1 Ne7 25. dxe5 Nxe5 26. Nxe5 dxe5 27. Qb4 Nc6 28. Qa4 Rad8 29. Bb5 Nd4 30. f3 Nxb5 31. Qxb5 Bxe4 32. Nb4 Bb7 33. Qc4 Qe8 1/2-1/2

[Event "GER-chB Seniors 28th"]
[Site "Niederhausen"]
[Date "2016.08.17"]
[Round "5"]
[White "Ungar, Benedict"]
[Black "Metzger, Eberhard"]
[Result "0-1"]
[WhiteElo "1694"]
[BlackElo "1828"]
[PlyCount "63"]
[EventDate "2016.08.13"]
[EventType "swiss"]
[EventRounds "9"]
[EventCountry "GER"]
[SourceTitle "EXT 2019"]
[Source "ChessBase"]
[SourceDate "2018.10.10"]
[SourceVersion "1"]
[SourceVersionDate "2018.10.10"]
[SourceQuality "1"]

1. Nf3 g6 2. g3 Bg7 3. d4 d6 4. Bg2 Nd7 5. c4 e6 6. e3 Ne7 7. Nbd2 0-0 8. 0-0 Rb8 9. b4 a6 10. a4 b6 11. Bb2 Bb7 12. Qc2 h6 13. Rfc1 f5 14. Ne1 Bxg2 15. Kxg2 Nf6 16. Nd3 Qe8 17. f3 g5 18. a5 Qh5 19. Qd1 g4 20. Nf4 Qf7 21. Nf1 Ng6 22. d5 Nxf4+ 23. exf4 Qh5 24. Ra2 Qh3+ 25. Kg1 bxa5 26. Bxf6 Rxf6 27. dxe6 Rxe6 28. Qd5 Rbe8 29. Re1 Kf7 30. Rxe6 Rxe6 31. Re2 Bd4+ 32. Kh1 0-1

[Event "Berlin-ch Seniors op 32nd"]
[Site "Berlin"]
[Date "2016.02.02"]
[Round "7"]
[White "Reiche, Henry"]
[Black "Metzger, Eberhard"]
[Result "1-0"]
[WhiteElo "1954"]
[BlackElo "1834"]
[PlyCount "25"]
[EventDate "2016.01.26"]
[EventType "swiss"]
[EventRounds "9"]
[EventCountry "GER"]
[SourceTitle "EXT 2019"]
[Source "ChessBase"]
[SourceDate "2018.10.10"]
[SourceVersion "1"]
[SourceVersionDate "2018.10.10"]
[SourceQuality "1"]

1. g3 g6 2. Bg2 Bg7 3. d3 d6 4. Nf3 f5 5. c3 Nf6 6. Qb3 h6 7. Nh4 Rh7 8. Bxb7 Bxb7 9. Qxb7 Nbd7 10. Nxg6 Kf7 11. Nf4 Nc5 12. Qf3 e5 13. Nh5 1-0

[Event "Berlin-ch Seniors op 32nd"]
[Site "Berlin"]
[Date "2016.02.01"]
[Round "6"]
[White "Metzger, Eberhard"]
[Black "Wahner, Eberhard"]
[Result "1-0"]
[WhiteElo "1834"]
[BlackElo "1394"]
[PlyCount "103"]
[EventDate "2016.01.26"]
[EventType "swiss"]
[EventRounds "9"]
[EventCountry "GER"]
[SourceTitle "EXT 2019"]
[Source "ChessBase"]
[SourceDate "2018.10.10"]
[SourceVersion "1"]
[SourceVersionDate "2018.10.10"]
[SourceQuality "1"]

1. d3 e6 2. g3 d5 3. Bg2 c5 4. Nd2 Nc6 5. e3 Nf6 6. Ne2 Bd6 7. a3 0-0 8. 0-0 Re8 9. b3 e5 10. c4 d4 11. e4 Bg4 12. h3 Be6 13. g4 h6 14. Nf3 Nh7 15. Ng3 Be7 16. Nh2 Bh4 17. Nf5 Bxf5 18. gxf5 Bg5 19. Bxg5 Qxg5 20. Kh1 Qf4 21. Qh5 Nf6 22. Qe2 Kh8 23. Rg1 Rg8 24. Bf3 g6 25. Ng4 Nd7 26. Rg3 h5 27. Nh2 Qh6 28. Rag1 Ne7 29. fxg6 fxg6 30. Rg5 Nf6 31. Rxe5 Rae8 32. Rxc5 Nf5 33. Qf1 Nh4 34. Rgg5 Nxf3 35. Nxf3 Qg7 36. Qg2 Qf7 37. Rg3 Nh7 38. Rd5 Ref8 39. Kg1 Qg7 40. Ng5 Qf6 41. Nxh7 Kxh7 42. Rd7+ Rg7 43. Rxg7+ Qxg7 44. Rf3 Re8 45. Qg5 Qd7 46. Qd5 Qc8 47. Qxd4 Re7 48. Qe3 b6 49. d4 Qe6 50. e5 Qd7 51. Qe4 Qc7 52. Rf6 1-0

[Event "Berlin-ch Seniors op 32nd"]
[Site "Berlin"]
[Date "2016.01.29"]
[Round "4"]
[White "Metzger, Eberhard"]
[Black "Mayer, Herbert"]
[Result "1/2-1/2"]
[WhiteElo "1834"]
[BlackElo "1965"]
[PlyCount "69"]
[EventDate "2016.01.26"]
[EventType "swiss"]
[EventRounds "9"]
[EventCountry "GER"]
[SourceTitle "EXT 2019"]
[Source "ChessBase"]
[SourceDate "2018.10.10"]
[SourceVersion "1"]
[SourceVersionDate "2018.10.10"]
[SourceQuality "1"]

1. g3 Nf6 2. Bg2 d5 3. d3 g6 4. e3 Bg7 5. Ne2 0-0 6. 0-0 c5 7. Nd2 Nc6 8. a3 e5 9. c4 Be6 10. h3 Qd7 11. Kh2 Rac8 12. Nc3 Rfd8 13. Qe2 b6 14. Rd1 d4 15. Nce4 Nxe4 16. Nxe4 Qe7 17. g4 f5 18. gxf5 gxf5 19. Ng3 Qh4 20. Qh5 Bf6 21. Rg1 Kh8 22. Bxc6 Rxc6 23. Qf3 f4 24. Ne4 Bf5 25. exf4 Bg7 26. Bd2 Rf8 27. Qg3 Qxg3+ 28. fxg3 Rh6 29. Nf2 Bd7 30. f5 Rhf6 31. g4 h6 32. Ne4 R6f7 33. Raf1 Kh7 34. Nd6 Rf6 35. Ne4 1/2-1/2

[Event "GER-chB Seniors 26th"]
[Site "Bad Neuenahr"]
[Date "2014.08.13"]
[Round "9"]
[White "Metzger, Eberhard"]
[Black "Pandorf, Horst"]
[Result "0-1"]
[WhiteElo "1902"]
[BlackElo "1714"]
[PlyCount "69"]
[EventDate "2014.08.05"]
[EventType "swiss"]
[EventRounds "9"]
[EventCountry "GER"]
[SourceTitle "EXT 2018"]
[Source "ChessBase"]
[SourceDate "2017.10.13"]
[SourceVersion "1"]
[SourceVersionDate "2017.10.13"]
[SourceQuality "1"]

1. e4 e6 2. d4 d5 3. Nc3 Bb4 4. a3 Bxc3+ 5. bxc3 dxe4 6. f3 Nc6 7. Nh3 Nf6 8. fxe4 Nxe4 9. Qg4 Nxc3 10. Qxg7 Qxd4 11. Bh6 Ne4 12. Qxd4 Nxd4 13. Bg7 Nxc2+ 14. Kd1 Rg8 15. Kxc2 Rxg7 16. Nf4 Bd7 17. Re1 Ba4+ 18. Kb2 Nf2 19. Rg1 0-0-0 20. g3 Rg5 21. Bc4 Rd2+ 22. Kc3 Rc2+ 23. Kb4 Bc6 24. Kb3 Rd2 25. Kc3 Rd6 26. h4 Rg8 27. Nh5 Ng4 28. Rgf1 Bd5 29. Rxf7 Bxc4 30. Kxc4 Rgd8 31. Rf4 Rc6+ 32. Kb3 Rd3+ 33. Kb2 Ne3 34. Re4 Nd1+ 35. Ka2 0-1

[Event "GER-chB Seniors 26th"]
[Site "Bad Neuenahr"]
[Date "2014.08.12"]
[Round "8"]
[White "Krug, Franz Dieter"]
[Black "Metzger, Eberhard"]
[Result "0-1"]
[WhiteElo "1596"]
[BlackElo "1902"]
[PlyCount "114"]
[EventDate "2014.08.05"]
[EventType "swiss"]
[EventRounds "9"]
[EventCountry "GER"]
[SourceTitle "EXT 2018"]
[Source "ChessBase"]
[SourceDate "2017.10.13"]
[SourceVersion "1"]
[SourceVersionDate "2017.10.13"]
[SourceQuality "1"]

1. d4 g6 2. c4 Bg7 3. Nc3 d6 4. e4 Nd7 5. Nf3 e6 6. Bd3 Ne7 7. Bg5 h6 8. Bh4 0-0 9. h3 a6 10. 0-0 b6 11. Qc2 Bb7 12. d5 e5 13. Nh2 g5 14. Bg3 Nf6 15. h4 g4 16. Be2 Bc8 17. Qd1 Qd7 18. Qe1 Ng6 19. f3 h5 20. fxg4 hxg4 21. h5 Nf4 22. Bxf4 exf4 23. Rxf4 Bh6 24. Rxf6 Be3+ 25. Kh1 Qe7 26. Qh4 Qe5 27. Rff1 Bg5 28. Qf2 g3 29. Nf3 Qf4 30. Qg1 Bf6 31. Nh2 Qh4 32. Rxf6 Qxf6 33. Rf1 Qh4 34. Bd3 Qxh5 35. Ne2 gxh2 36. Qe3 Qe5 37. Rf3 f5 38. Qg5+ Qg7 39. Qxg7+ Kxg7 40. Kxh2 fxe4 41. Rxf8 Kxf8 42. Bxe4 Bg4 43. Nc3 Re8 44. Kg3 Bh5 45. Kf4 Kg7 46. g4 Bg6 47. b4 Rh8 48. Kg5 Bxe4 49. Nxe4 Rh2 50. Nf6 Kf7 51. Nd7 Rxa2 52. c5 bxc5 53. bxc5 Ra5 54. Kh6 Ke7 55. g5 Kxd7 56. g6 Ra1 57. Kg7 Rg1 0-1

[Event "GER-chB Seniors 26th"]
[Site "Bad Neuenahr"]
[Date "2014.08.09"]
[Round "5"]
[White "Metzger, Eberhard"]
[Black "Paetzold, Horst"]
[Result "1-0"]
[WhiteElo "1902"]
[BlackElo "1805"]
[PlyCount "101"]
[EventDate "2014.08.05"]
[EventType "swiss"]
[EventRounds "9"]
[EventCountry "GER"]
[SourceTitle "EXT 2018"]
[Source "ChessBase"]
[SourceDate "2017.10.13"]
[SourceVersion "1"]
[SourceVersionDate "2017.10.13"]
[SourceQuality "1"]

1. e4 c5 2. Nc3 Nc6 3. Bb5 a6 4. Bxc6 bxc6 5. f4 e6 6. Nf3 d5 7. d3 Ne7 8. 0-0 d4 9. Ne2 Ng6 10. Qe1 Be7 11. Ng3 Qc7 12. e5 0-0 13. Ne4 f5 14. exf6 Bxf6 15. Qg3 Rb8 16. b3 Ne7 17. Bd2 Nf5 18. Qf2 Ne3 19. Nxf6+ Rxf6 20. Bxe3 dxe3 21. Qxe3 Rxf4 22. Qxc5 Rb5 23. Qe3 Rbf5 24. Rfe1 Qf7 25. Nd4 Rg5 26. Nxe6 Bxe6 27. Qxe6 Qxe6 28. Rxe6 Rc5 29. Re8+ Kf7 30. Re2 h5 31. Rf1 Rxf1+ 32. Kxf1 Kg6 33. g3 Kf5 34. h3 g5 35. Kf2 Rd5 36. Re4 Rc5 37. c4 Kf6 38. Ke3 Rf5 39. Ke2 Kf7 40. d4 a5 41. g4 hxg4 42. hxg4 Rf6 43. Ke3 Kg6 44. d5 c5 45. a3 Rb6 46. Re5 Rxb3+ 47. Ke4 Rb6 48. Re6+ Rxe6+ 49. dxe6 Kf6 50. Kd5 Ke7 51. a4 1-0

[Event "Berlin-ch Seniors op 30th"]
[Site "Berlin"]
[Date "2014.02.04"]
[Round "6"]
[White "Metzger, Eberhard"]
[Black "Schrodt, Horst"]
[Result "0-1"]
[WhiteElo "1704"]
[BlackElo "1594"]
[PlyCount "69"]
[EventDate "2014.01.30"]
[EventType "swiss"]
[EventRounds "9"]
[EventCountry "GER"]
[SourceTitle "EXT 2018"]
[Source "ChessBase"]
[SourceDate "2017.10.13"]
[SourceVersion "1"]
[SourceVersionDate "2017.10.13"]
[SourceQuality "1"]

1. e4 c6 2. d4 d5 3. e5 Bf5 4. Nc3 e6 5. Bd3 Bxd3 6. Qxd3 Nd7 7. Nge2 c5 8. Bf4 cxd4 9. Nxd4 a6 10. 0-0 Ne7 11. Bg3 Rc8 12. f4 Nc6 13. Bf2 Nxd4 14. Bxd4 Bc5 15. Bxc5 Nxc5 16. Qg3 0-0 17. f5 exf5 18. Rae1 Ne4 19. Qf3 Qb6+ 20. Kh1 Qxb2 21. Nxd5 Qxe5 22. Ne3 Ng5 23. Qf2 Qe4 24. c4 Nh3 25. Qd2 Nf4 26. Rf3 Ne6 27. Nxf5 Rcd8 28. Ne7+ Kh8 29. Nd5 Qxc4 30. Rd3 Qh4 31. Rh3 Qg5 32. Qd3 Qg6 33. Qb3 Nc5 34. Qe3 Ne4 35. Rf3 0-1

[Event "Berlin-ch Seniors op 30th"]
[Site "Berlin"]
[Date "2014.02.03"]
[Round "5"]
[White "Wolf, Manfred"]
[Black "Metzger, Eberhard"]
[Result "1-0"]
[WhiteElo "1862"]
[BlackElo "1704"]
[PlyCount "133"]
[EventDate "2014.01.30"]
[EventType "swiss"]
[EventRounds "9"]
[EventCountry "GER"]
[SourceTitle "EXT 2018"]
[Source "ChessBase"]
[SourceDate "2017.10.13"]
[SourceVersion "1"]
[SourceVersionDate "2017.10.13"]
[SourceQuality "1"]

1. Nf3 d6 2. d4 g6 3. b4 a6 4. Bb2 Bg7 5. e3 Nd7 6. Be2 e6 7. 0-0 Ne7 8. c4 b6 9. Qc2 0-0 10. Nbd2 Bb7 11. a4 Nf6 12. c5 Nfd5 13. Ba3 a5 14. cxd6 cxd6 15. bxa5 bxa5 16. Nc4 Nb4 17. Qd2 Nec6 18. Rfb1 Ba6 19. Nxa5 Bxe2 20. Nxc6 Nxc6 21. Qxe2 Rxa4 22. Qb5 Qa5 23. Qxa5 Rxa5 24. Bxd6 Rxa1 25. Rxa1 Rd8 26. Bf4 Ne7 27. Rb1 h6 28. Rb8 Rxb8 29. Bxb8 Kf8 30. Kf1 Ke8 31. Ke2 Nc6 32. Bd6 Kd7 33. Bc5 Bf6 34. Kd3 Bd8 35. Nd2 f5 36. f3 Bc7 37. h3 h5 38. Nc4 Na5 39. Nxa5 Bxa5 40. e4 Kc6 41. Kc4 Bc7 42. d5+ exd5+ 43. exd5+ Kd7 44. Bf8 Bf4 45. Kd4 Bg3 46. Bh6 Bb8 47. Bg7 Bc7 48. Be5 Bb6+ 49. Kd3 Bc5 50. f4 Bb6 51. Bd4 Bd8 52. Bc5 Bf6 53. Ke3 Bd8 54. Kd3 Bf6 55. Bd4 Be7 56. Kc4 g5 57. fxg5 Bxg5 58. Be5 Be7 59. Kd4 Ba3 60. Ke3 Bc1+ 61. Kf3 Bg5 62. Bd4 Kd6 63. Be3 Bxe3 64. Kxe3 Ke5 65. d6 Kxd6 66. Kf4 Ke6 67. Kg5 1-0

[Event "Berlin-ch Seniors op 30th"]
[Site "Berlin"]
[Date "2014.02.01"]
[Round "3"]
[White "Ahlberg, Guenter"]
[Black "Metzger, Eberhard"]
[Result "1/2-1/2"]
[WhiteElo "1893"]
[BlackElo "1704"]
[PlyCount "30"]
[EventDate "2014.01.30"]
[EventType "swiss"]
[EventRounds "9"]
[EventCountry "GER"]
[SourceTitle "EXT 2018"]
[Source "ChessBase"]
[SourceDate "2017.10.13"]
[SourceVersion "1"]
[SourceVersionDate "2017.10.13"]
[SourceQuality "1"]

1. e4 d6 2. d4 g6 3. Nc3 Bg7 4. Bg5 h6 5. Bh4 Nd7 6. Nf3 a6 7. a4 b6 8. Bc4 Bb7 9. Bd5 c6 10. Bb3 Ngf6 11. e5 dxe5 12. dxe5 Nd5 13. Nxd5 cxd5 14. Bxd5 Bxd5 15. Qxd5 Nxe5 1/2-1/2

[Event "Berlin-ch Seniors op 28th"]
[Site "Berlin"]
[Date "2012.01.29"]
[Round "3.10"]
[White "Konrad, Erhard"]
[Black "Metzger, Eberhard"]
[Result "1/2-1/2"]
[WhiteElo "2027"]
[BlackElo "1767"]
[PlyCount "60"]
[EventDate "2012.01.27"]
[EventType "swiss"]
[EventRounds "9"]
[EventCountry "GER"]
[SourceTitle "EXT 2022"]
[Source "ChessBase"]
[SourceDate "2021.10.06"]
[SourceVersion "1"]
[SourceVersionDate "2021.10.06"]
[SourceQuality "1"]

1. Nf3 g6 2. g3 Bg7 3. Bg2 Nf6 4. 0-0 0-0 5. d3 d6 6. e4 e5 7. c4 c6 8. Nc3 Na6 9. b3 Nc7 10. Bb2 Ne6 11. d4 exd4 12. Nxd4 Nxd4 13. Qxd4 Qc7 14. Rad1 Rd8 15. Qd2 Ne8 16. Ne2 f6 17. f4 Bg4 18. h3 Bxe2 19. Qxe2 Qe7 20. Qc2 Rac8 21. Rde1 Qf7 22. Qe2 Nc7 23. f5 Re8 24. fxg6 Qxg6 25. Qf2 Re6 26. g4 Qg5 27. Kh1 b6 28. Re2 Rce8 29. Bc1 Qg6 30. Bf4 Na6 1/2-1/2

[Event "GER-ch Seniors 23rd"]
[Site "Halle"]
[Date "2011.08.12"]
[Round "8"]
[White "Metzger, Eberhard"]
[Black "Ulrich, Gert"]
[Result "1-0"]
[WhiteElo "1921"]
[BlackElo "1738"]
[PlyCount "119"]
[EventDate "2011.08.05"]
[EventType "swiss"]
[EventRounds "9"]
[EventCountry "GER"]
[SourceTitle "CBM 144 Extra"]
[Source "ChessBase"]
[SourceDate "2011.10.28"]
[SourceVersion "1"]
[SourceVersionDate "2011.10.28"]
[SourceQuality "1"]

1. e4 c5 2. Nc3 e6 3. g3 d5 4. d3 d4 5. Nce2 e5 6. Bg2 Nc6 7. f4 f6 8. Nf3 Bg4 9. 0-0 Qd7 10. fxe5 fxe5 11. Rf2 Be7 12. Qf1 h6 13. Nd2 Nf6 14. h3 Be6 15. g4 0-0-0 16. Ng3 Rdf8 17. Nf3 Bd8 18. Nf5 g5 19. Ng3 Qg7 20. Nf5 Bxf5 21. exf5 Qd7 22. Re2 Bc7 23. Nd2 h5 24. Ne4 hxg4 25. Nxf6 Rxf6 26. hxg4 Qg7 27. Bf3 Rfh6 28. Bd2 Bd8 29. Bg2 Bf6 30. Qf3 Qc7 31. c3 dxc3 32. bxc3 b6 33. Qe4 Ne7 34. Rc1 Rd8 35. Be3 Nd5 36. c4 Nf4 37. Bxf4 exf4 38. Qa8+ Kd7 39. Qd5+ Kc8 40. Qa8+ Kd7 41. Qd5+ Kc8 42. Qe6+ Qd7 43. Kf1 Bg7 44. Qe4 Bd4 45. Qa8+ Kc7 46. Qb7+ Kd6 47. Qe4 Rb8 48. Rce1 Be3 49. Qd5+ Kc7 50. Qe5+ Rd6 51. Bd5 Qh7 52. f6 Re8 53. Qxe8 Qh3+ 54. Bg2 Qh2 55. Rxe3 fxe3 56. Qxe3 Rxf6+ 57. Bf3 Qh1+ 58. Ke2 Qh2+ 59. Kd1 Rd6 60. Rh1 1-0

[Event "GER-ch Seniors 23rd"]
[Site "Halle"]
[Date "2011.08.09"]
[Round "5"]
[White "Jacob, Barbara"]
[Black "Metzger, Eberhard"]
[Result "1/2-1/2"]
[WhiteElo "1855"]
[BlackElo "1921"]
[PlyCount "97"]
[EventDate "2011.08.05"]
[EventType "swiss"]
[EventRounds "9"]
[EventCountry "GER"]
[SourceTitle "CBM 144 Extra"]
[Source "ChessBase"]
[SourceDate "2011.10.28"]
[SourceVersion "1"]
[SourceVersionDate "2011.10.28"]
[SourceQuality "1"]

1. e4 d6 2. d4 g6 3. Nc3 Bg7 4. Be3 Nd7 5. Bc4 e6 6. Nge2 Ne7 7. Qd2 h6 8. 0-0 a6 9. a4 b6 10. Nf4 Nf6 11. h3 Bb7 12. f3 0-0 13. Nd3 d5 14. exd5 exd5 15. Bb3 Nf5 16. Bf2 h5 17. Ne5 c6 18. Ne2 Nd7 19. Nxd7 Qxd7 20. c3 Bh6 21. f4 Rae8 22. Bc2 Nd6 23. Qd1 Qe7 24. Re1 Qf6 25. Bg3 Bc8 26. Kh1 Ne4 27. Bxe4 Rxe4 28. Rf1 Bf5 29. Qd2 Qe6 30. Rae1 Qd7 31. Ng1 Rfe8 32. Rxe4 Bxe4 33. Nf3 f6 34. Kg1 Kg7 35. Qf2 Kf7 36. Ng5+ Bxg5 37. fxg5 f5 38. Be5 Qe6 39. Qe3 c5 40. h4 Qc6 41. b3 cxd4 42. Qxd4 Qc5 43. b4 Qxd4+ 44. Bxd4 Re6 45. Kf2 Bc2 46. Re1 Rxe1 47. Kxe1 b5 48. a5 Be4 49. Kf2 1/2-1/2

[Event "GER-ch Seniors 23rd"]
[Site "Halle"]
[Date "2011.08.05"]
[Round "1"]
[White "Jacoby, Gisbert"]
[Black "Metzger, Eberhard"]
[Result "1/2-1/2"]
[WhiteElo "2164"]
[BlackElo "1921"]
[PlyCount "64"]
[EventDate "2011.08.05"]
[EventType "swiss"]
[EventRounds "9"]
[EventCountry "GER"]
[SourceTitle "CBM 144 Extra"]
[Source "ChessBase"]
[SourceDate "2011.10.28"]
[SourceVersion "1"]
[SourceVersionDate "2011.10.28"]
[SourceQuality "1"]

1. d4 g6 2. c4 Bg7 3. Nc3 d6 4. e4 Nd7 5. Be2 e6 6. Be3 Ne7 7. g4 h6 8. h4 b6 9. f4 f5 10. h5 Nf6 11. e5 dxe5 12. fxe5 Nxg4 13. Bxg4 fxg4 14. Qxg4 g5 15. 0-0-0 Nf5 16. Bf2 Qe7 17. Nf3 0-0 18. Rhe1 Ba6 19. d5 Rad8 20. Ne4 exd5 21. cxd5 Bc8 22. Qg2 Qf7 23. e6 Qe7 24. Bd4 Nxd4 25. Nxd4 Bb7 26. Nc3 Rf4 27. Nc6 Bxc6 28. dxc6 Rxd1+ 29. Kxd1 Bxc3 30. bxc3 Qd6+ 31. Kc2 Kf8 32. Qe2 Ke7 1/2-1/2

[Event "Berlin-ch Seniors op 27th"]
[Site "Berlin"]
[Date "2011.02.06"]
[Round "9"]
[White "Koeckeritz, Dieter"]
[Black "Metzger, Eberhard"]
[Result "0-1"]
[WhiteElo "1530"]
[BlackElo "1771"]
[PlyCount "64"]
[EventDate "2011.01.29"]
[EventType "swiss"]
[EventRounds "9"]
[EventCountry "GER"]
[SourceTitle "EXT 2012"]
[Source "ChessBase"]
[SourceDate "2011.11.24"]
[SourceVersion "1"]
[SourceVersionDate "2011.11.24"]
[SourceQuality "1"]

1. e4 d6 2. d4 g6 3. Nf3 Bg7 4. h3 Nd7 5. Be3 e6 6. Nbd2 Ne7 7. c4 b6 8. Bd3 Bb7 9. Rc1 c5 10. b3 0-0 11. 0-0 h6 12. d5 e5 13. Ne1 Qe8 14. f4 f5 15. Qc2 Bc8 16. Nef3 exf4 17. Bxf4 Ne5 18. Nxe5 dxe5 19. Bh2 f4 20. Rce1 g5 21. Be2 Kh8 22. Qd1 Ng8 23. Nf3 Nf6 24. Nd2 Bd7 25. Rf3 Qg6 26. g3 Bxh3 27. Bf1 Bg4 28. Kh1 Bxf3+ 29. Nxf3 Ng4 30. Re2 fxg3 31. Bxg3 Rxf3 32. Bg2 Rxg3 0-1

[Event "Berlin-ch Seniors op 27th"]
[Site "Berlin"]
[Date "2011.02.05"]
[Round "8"]
[White "Metzger, Eberhard"]
[Black "Keusch, Horst"]
[Result "0-1"]
[WhiteElo "1771"]
[BlackElo "1861"]
[PlyCount "56"]
[EventDate "2011.01.29"]
[EventType "swiss"]
[EventRounds "9"]
[EventCountry "GER"]
[SourceTitle "EXT 2012"]
[Source "ChessBase"]
[SourceDate "2011.11.24"]
[SourceVersion "1"]
[SourceVersionDate "2011.11.24"]
[SourceQuality "1"]

1. e4 g6 2. Nc3 c6 3. d4 d5 4. exd5 cxd5 5. Bb5+ Nc6 6. Nf3 a6 7. Bxc6+ bxc6 8. 0-0 Bg7 9. Be3 Nf6 10. h3 0-0 11. Qd2 Rb8 12. b3 c5 13. dxc5 Ne4 14. Nxe4 Bxa1 15. Nc3 Bxc3 16. Qxc3 f6 17. Nd4 Qc7 18. Bh6 Rf7 19. Re1 e5 20. f4 Bd7 21. fxe5 fxe5 22. Nf3 d4 23. Qc4 Bb5 24. Qe6 Re8 25. Qg4 Bd7 26. Qg3 Qxc5 27. Nxe5 d3+ 28. Qe3 Rxe5 0-1